Представление документа в формате RUSMARC

ПолеНазваниеЗначение
  Тип записи a
  Библиографический уровень m
001 Контрольный номер SKBR/c04ca9e2-292c-4508-993a-2eb5f911612d
005 Дата корректировки 20260429113256.7
010 Индекс ISBN __
a ISBN 978-5-93437-482-3
9 Тираж 1500
035 Другие системные номера __
a Идентификатор записи RU\NLR\BIBL_A\022595012
100 Данные общей обработки __
a Данные общей обработки 20250801d2025 c y0rusa50 ca
101 Язык документа 0_
a Язык текста rus
102 Страна публикации __
a Страна публикации RU
105 Кодированные данные (монография) __
a Кодированные данные (монография) ac z 000zy
181 Поле кодированных данных: вид содержания _0
a Код вида содержания (ISBD) i3
b Код характеристики содержания (ISBD) axxe
181 Поле кодированных данных: вид содержания _0
a Код вида содержания (ISBD) b2
b Код характеристики содержания (ISBD) xb2e
182 Поле кодированных данных: тип средства _0
a Код типа средства (ISBD) n
200 Заглавие и сведения об ответственности 1_
a Заглавие Детям о Кингисеппе и Ивангороде
e Сведения, относящиеся к заглавию [книга для детей "6+"]
f Первые сведения об ответственности А. Ю. Гусаров
g Последующие сведения об ответственности рисунки О. Н. Лаврухиной
203 Вид содержания и тип средства __
a Вид содержания Текст
a Вид содержания Изображение
b Характеристика содержания визуальные
c Тип средства непосредственные
210 Выходные данные 1_
a Место издания Санкт-Петербург
c Издательство Паритет
d Дата издания 2025
215 Физическое описание __
a Объем 78, [1] с.
c Иллюстрации/тип воспроизводства цв. ил., цв. портр.
d Формат 26
333 Примечание о целевом назначении __
a Примечание о целевом назначении 6+
607 Географические рубрики __
a Географическое наименование Кингисепп, город (Ленинградская область)
j Формальный подзаголовок Издания для детей
2 Код системы предметизации nlr_sh
3 Номер авторитетной/ нормативной записи RU\NLR\AUTH\6601736393
607 Географические рубрики __
a Географическое наименование Ивангород, город (Ленинградская область)
j Формальный подзаголовок Издания для детей
2 Код системы предметизации nlr_sh
3 Номер авторитетной/ нормативной записи RU\NLR\AUTH\661443477
686 Индексы других классификаций __
a Классификационный индекс Ш9
b Книжный номер Д891
v Номер издания LBC/SL
2 Код системы rubbk
700 Автор _1
a Фамилия Гусаров
b Имя А. Ю.
g Полное личное имя Андрей Юрьевич
702 Вторичная интеллектуальная ответственность _1
a Фамилия Лаврухина
b Имя О. Н.
g Полное личное имя Ольга Николаевна
4 Код отношения 440
801 Источник записи _0
a Страна RU
b Организация NLR
c Дата составления 20250801
g Правила каталогизации RCR
801 Источник записи _1
a Страна RU
b Организация NLR
c Дата составления 20250801
801 Источник записи _2
a Страна RU
b Организация NLR
c Дата составления 20260102
2 Код формата rusmarc
901 Тип документа __
a Ответственный заим.